|
|
|
|
| LEADER |
01062nam a2200229 i 4500 |
| 003 |
GR-PaULI |
| 005 |
20210117211056.0 |
| 008 |
200512s2004 gr a|||g b||| 001 0 gre d |
| 952 |
|
|
|0 0
|1 0
|2 ddc
|4 0
|6 792_025000000000000_ΚΑΡ
|7 0
|9 240602
|a THST
|b THST
|d 2020-05-12
|i 015339
|l 0
|o 792.025 ΚΑΡ
|p 025000267099
|r 2020-05-12 00:00:00
|t 1
|v 2020.00
|w 2020-05-12
|y BK15
|
| 999 |
|
|
|c 145148
|d 145148
|
| 020 |
|
|
|a 9601212817
|
| 040 |
|
|
|a GR-PaULI
|b gre
|c GR-PaULI
|e AACR2
|
| 082 |
0 |
4 |
|2 23
|a 792.025
|
| 100 |
1 |
|
|a Καραΐσκου, Βίκυ
|e συγγραφέας
|9 180756
|
| 245 |
1 |
0 |
|a Ταξίδια επί σκηνής :
|b Έλληνες σκηνογράφοι επί σκηνής /
|c Βίκυ Καραϊσκου.
|
| 260 |
|
|
|a Θεσσαλονίκη,
|b University Studio Press,
|c 2004.
|
| 300 |
|
|
|a 435 σ. :
|b εικ. ;
|c 28 εκ.
|
| 504 |
|
|
|6 Περιλαμβάνει βιβλιογραφία και ευρετήριο.
|
| 650 |
|
4 |
|9 37779
|a Σκηνογράφοι, ΄Ελληνες
|
| 650 |
|
4 |
|9 133029
|a Κοστούμια
|x Θέατρο
|
| 942 |
|
|
|2 ddc
|c BK15
|
| 998 |
|
|
|c ΜΑΝΙΑ
|d 2020-05
|